Význam moderných foriem výučby z hľadiska výcviku komunikačných zručností pre budúcich manažérov
Na minha lista:
| Autor principal: | |
|---|---|
| Formato: | Capítulo de Livro |
| Idioma: | inglês |
| Tags: |
Sem tags, seja o primeiro a adicionar uma tag!
|
MARC
| LEADER | 00000naa$a2200000$$$4500 | ||
|---|---|---|---|
| 001 | 0164970 | ||
| 005 | 20240614081329.8 | ||
| 041 | 0 | |a eng | |
| 044 | |a SK | ||
| 245 | 1 | 0 | |a Význam moderných foriem výučby z hľadiska výcviku komunikačných zručností pre budúcich manažérov |c Lenka Pčolinská |
| 500 | |a Abstrakt | ||
| 100 | 1 | |a Pčolinská, Lenka | |